Touch and learn, ages 4-7. (Record no. 116163)
[ view plain ]
| 000 -LEADER | |
|---|---|
| fixed length control field | 00607nam a2200145 a 4500 |
| 005 - DATE AND TIME OF LATEST TRANSACTION | |
| control field | 20140513081046.0 |
| 008 - FIXED-LENGTH DATA ELEMENTS--GENERAL INFORMATION | |
| fixed length control field | 020925s19uu xx 00 eng d |
| 050 ## - LIBRARY OF CONGRESS CALL NUMBER | |
| Classification number | KIT 371.307 8 |
| Item number | To55 1997 |
| 245 ## - TITLE STATEMENT | |
| Title | Touch and learn, ages 4-7. |
| 260 ## - PUBLICATION, DISTRIBUTION, ETC. (IMPRINT) | |
| Place of publication, distribution, etc | China : |
| Name of publisher, distributor, etc | Best Learning Materials Corp, |
| Date of publication, distribution, etc | 1997. |
| 300 ## - PHYSICAL DESCRIPTION | |
| Extent | 16question cards(double sided) |
| 500 ## - GENERAL NOTE | |
| General note | features: comfortable handle; two probes match question and answer; high quality of voice and flashing eyes; card storage at the back of the machine; 16 questions cards double sided - 320 question all. |
| 650 ## - SUBJECT ADDED ENTRY--TOPICAL TERM | |
| Topical term or geographic name as entry element | Electronic learning |
| Withdrawn status | Lost status | Damaged status | Use restrictions | Home library | Current library | Shelving location | Date acquired | Source of acquisition | Cost, normal purchase price | Total Checkouts | Full call number | Barcode | Date last seen | Price effective from | Koha item type |
|---|---|---|---|---|---|---|---|---|---|---|---|---|---|---|---|
| Elizalde Library | Elizalde Library | KIT Section | 09/25/2002 | 720.00 | KIT 371.307 8 To55 1997 | E119 | 05/13/2014 | 05/13/2014 | Kits |